[Event "FRA-chT U20"]
[Site "Pau"]
[Date "2005.12.18"]
[Round "4"]
[White "Kohi, Armand"]
[Black "Robinson, Sean"]
[Result "1-0"]
[WhiteElo "1530"]
[BlackElo "1290"]
[PlyCount "57"]
[EventDate "2005.12.??"]
[EventType "team-tourn"]
[EventRounds "11"]
[EventCountry "FRA"]
[SourceTitle "EXT 2007"]
[Source "ChessBase"]
[SourceDate "2006.11.23"]
[SourceVersion "1"]
[SourceVersionDate "2006.11.23"]
[SourceQuality "1"]
[WhiteTeam "Paris NAO"]
[BlackTeam "Hyeres"]
[WhiteTeamCountry "FRA"]
[BlackTeamCountry "FRA"]

1. d4 d5 2. c4 c6 3. cxd5 cxd5 4. Nc3 e6 5. Bf4 Bd6 6. Bxd6 Qxd6 7. Nf3 f5 8. Ne5 Nc6 9. f4 Nf6 10. e3 0-0 11. Be2 Ne4 12. Bb5 a6 13. Bxc6 bxc6 14. 0-0 Qb4 15. Nxe4 fxe4 16. b3 Qd6 17. Rc1 Bd7 18. Qc2 Rac8 19. Qc5 Qc7 20. b4 h6 21. a3 g6 22. Nxg6 Rf7 23. Ne7+ Rxe7 24. Qxe7 Re8 25. Qf6 Kh7 26. Qf7+ Kh8 27. Qg6 Re7 28. Qxh6+ Rh7 29. Qf8# 1-0